Проблемы технического обслуживания и ремонта авиационной техники по состоянию: межвузовский тематический сборник научных трудов

Bibliographische Detailangaben
Körperschaft: Московский институт инженеров гражданской авиации
Weitere Verfasser: Смирнов Н. Н. (редактор)
Sprache:Russisch
Veröffentlicht: Москва, Изд-во МИИГА, 1983
Schlagworte:
Format: Buch
KOHA link:https://koha.lib.tpu.ru/cgi-bin/koha/opac-detail.pl?biblionumber=307226

MARC

LEADER 00000nam0a2200000 4500
001 307226
005 20231102001955.0
020 |a RU  |b 83-67570 
035 |a (RuTPU)RU\TPU\book\332519 
090 |a 307226 
100 |a 20151017d1983 k y0rusy5003 ca 
101 0 |a rus 
102 |a RU 
105 |a a z 001zy 
200 1 |a Проблемы технического обслуживания и ремонта авиационной техники по состоянию  |e межвузовский тематический сборник научных трудов  |f Московский институт инженеров гражданской авиации ; под ред. Н. Н. Смирнова 
210 |a Москва  |c Изд-во МИИГА  |d 1983 
215 |a 104 с.  |c граф. 
320 |a Библиогр. в конце ст. 
606 1 |a Летательные аппараты  |x Ремонт  |x Уход и обслуживание  |2 stltpush  |3 (RuTPU)RU\TPU\subj\40112  |9 59983 
610 1 |a техническое обслуживание 
610 1 |a авиационная техника 
610 1 |a техническая эксплуатация 
610 1 |a самолеты 
610 1 |a безопасность 
610 1 |a полеты 
610 1 |a надежность 
610 1 |a технический уровень 
610 1 |a оценка 
675 |a 629.73.083  |z rus  |v 3 
702 1 |a Смирнов  |b Н. Н.  |4 340 
712 0 2 |a Московский институт инженеров гражданской авиации  |2 stltpush  |3 (RuTPU)RU\TPU\col\7942 
801 0 |a RU  |b RuMRKP  |c 19950704  |g psbo 
801 1 |a RU  |b 63413507  |c 20151017 
801 2 |a RU  |b 63413507  |c 20190607  |g RCR 
942 |c BK